=LDR 00000nam 2200000 4500 =001 001050 =005 20250712035409 =035 ##$$a 0010-0725000931 =007 ta =008 250712################a##########0#ind## =020 ##$$a 978-623-118-779-6 =082 ##$$a 398.209 598 =084 ##$$a 398.209 598 INO k =100 #$$a Inong, Ina =245 1#$$a Kaki emas /$c Ina Inong =250 ##$$a Pertama =260 ##$$a Jakarta :$b Kementerian pendidikan, kebudayaan, riset dan teknologi,$c 2022 =300 ##$$a 28 HLM. : $b Ilusi. ; $c 29,7 cm =650 #4$$a Cerita anak Indonesia =650 #4$$a Cerita bergambar =990 ##$$a TBM202401009